| 000 | 01193nam2a2200253 4500 | ||
|---|---|---|---|
| 001 | rc\2839340 | ||
| 005 | 20250529202638.0 | ||
| 035 | _a(NLR Aleph) 006996958 | ||
| 090 |
_a5682526 _c5682526 |
||
| 100 | _a20110629d1927 |||y0rusy50 ca | ||
| 101 | 0 | _arus | |
| 102 | _aRU | ||
| 105 | _aa|||i|||000zy | ||
| 200 | 0 |
_a1927 г. _hпериод 2 |
|
| 210 |
_d1927 _aБ. м. |
||
| 215 |
_a43 с. _cтабл. |
||
| 225 | 1 |
_a... _v№ 4 |
|
| 461 | 0 |
_1001rc\2839339 _12001#$aМатериалы текущей статистики о состоянии табаководства в Абхазии$fНародный комиссариат земледелия ССР. Абхазии$v1927 г. _95682518 _cСухум _d1927 _fНародный комиссариат земледелия ССР. Абхазии _nиздание Комитета содействия опытной табачной плантации _tМатериалы текущей статистики о состоянии табаководства в Абхазии _v1927 г. |
|
| 801 | 0 |
_aRU _bNLR _gpsbo |
|
| 801 | 1 |
_aRU _bELAR _2rusmarc |
|
| 852 |
_aNLR _j32-19/679(4) |
||
| 942 | _cBOOK | ||
| 980 | _aNB | ||